[Event "Østlandsserien 2021/2022, 3. div. B"]
[Site "Hønefoss, Viken NOR"]
[Date "2021.12.05"]
[Round "2"]
[White "Granum, Roger"]
[Black "Furnes, Torstein"]
[Result "0-1"]
[WhiteElo "1583"]
[BlackElo "1754"]
[Annotator "Furnes, Torstein"]
[PlyCount "102"]
[EventDate "2021.??.??"]
[SourceDate "2021.12.07"]
[WhiteTeam "Hønefoss 2"]
[BlackTeam "Follo 1"]

1. e4 c5 2. Nf3 Nc6 3. Bb5 Qc7 4. O-O d6 5. h3 Nf6 6. Nc3 Bd7 7. d3 e6 8. Qe2
Be7 9. Be3 O-O 10. Rad1 a6 11. Bxc6 Bxc6 12. Bg5 b5 13. Rfe1 b4 14. Nb1 a5 15.
Nbd2 a4 16. Nc4 d5 17. Nce5 Bb7 18. Bf4 Bd6 19. Bh2 dxe4 20. dxe4 Nxe4 21. Qd3
Rfd8 22. Qe3 a3 23. b3 Nc3 $4 $11 {Overser hvits kombinasjon og spiller bort
hele svartfordelen.} 24. Rxd6 $1 Rxd6 (24... Qxd6 25. Nxf7 Qd5 26. Nxd8 Rxd8
$11) 25. Nc4 Rad8 $2 (25... Nb5) 26. Nxd6 Rxd6 27. Qe5 Nb5 28. Qe3 Qc6 29. Bxd6
Qxd6 30. Qe5 Qf8 31. Ng5 Nc3 $2 $18 32. Ra1 ({Hvit vinner nå med} 32. Nxf7 $3
Qxf7 (32... Kxf7 $4 33. Qxe6#) (32... h6 33. Nxh6+ $3 gxh6 34. Qxe6+ Kh8 35.
Qe5+ Qg7 36. Qxg7+ Kxg7 37. Re7+ Kf6 38. Rxb7 Nxa2 39. Kf1 Nc3 40. Ke1) 33.
Qb8+ Qf8 34. Qxb7) 32... h6 33. Nf3 Bd5 (33... Bxf3 34. gxf3 Qa8) 34. Nd2 Qa8
35. f3 Qc6 36. Kf2 (36. Nb1 Nxb1 37. Rxb1) 36... Qb6 37. Nc4 Qd8 (37... Bxc4
38. bxc4 Qd8) 38. Qf4 (38. Nxa3 Qh4+ 39. Kf1 Bxf3 40. gxf3 Qxh3+ 41. Kf2 Qh4+
$11) 38... Qe7 (38... Bxc4 $19 39. Qxc4 (39. bxc4 g5 40. Qe5 Qd2+ 41. Kg1 Qxc2)
39... Qd2+ 40. Kg3 Qxc2) 39. Ne3 Bb7 40. g3 $19 Qd7 (40... e5 41. Qg4 Qd8 42.
Ke1 e4) 41. Nc4 Qd5 42. Ne5 f6 43. Nd3 e5 44. Qe3 e4 45. Qxc5 $4 $19 (45. Nxc5
$11) 45... exd3 46. Qxd5+ Bxd5 47. cxd3 {Diagram [#]} Nxa2 $1 {Det hvite
tårnet klarer ikke å stoppe svarts bønder etter dette offeret.} 48. Rxa2 Bxb3
49. Ra1 Bd5 $1 {Det er en viktig detalj at løperen går til akkurat dette
feltet når den trekker seg tilbake.} 50. Ke3 b3 51. Rxa3 b2 {Nå ser vi hvorfor
løperen måtte gå til d5. Løperen dekker a8-feltet slik at hvit ikke rekker å
sjakke på a8 fulgt av Tb8.} (51... b2 {Hvit rekker ikke å vinne løperen} 52.
Ra5 (52. Kd4 b1=Q 53. Kxd5 Qb5+ 54. Ke6 Qc6+ 55. Ke7 Qc5+ 56. Kd7 Qxa3) 52...
Bb3) 0-1

[Event "Østlandsserien 2021/2022, 3. div. B"]
[Site "Hønefoss, Viken NOR"]
[Date "2021.12.05"]
[Round "2"]
[White "Simonsen, Steinar"]
[Black "Frydenlund, Arve"]
[Result "1/2-1/2"]
[WhiteElo "1501"]
[BlackElo "1575"]
[PlyCount "101"]
[WhiteTeam "Follo 1"]
[BlackTeam "Hønefoss 2"]

1. e4 c5 2. Nf3 d6 3. Nc3 a6 4. d4 cxd4 5. Nxd4 Nf6 6. Bd3 Nc6 7. Nxc6 bxc6 8.
O-O e6 9. Re1 Be7 10. Bf4 e5 11. Bg5 Bg4 12. f3 Be6 13. Qe2 Qc8 14. Na4 Qb7 15.
b3 Nh5 16. Bd2 Nf4 17. Qe3 Nxd3 18. Qxd3 O-O 19. c4 f5 20. exf5 Bxf5 21. Qe3
Bf6 22. Rad1 Rad8 23. Nc3 h6 24. Ne4 Bxe4 25. Qxe4 Qc7 26. a4 Qb7 27. Rb1 d5
28. cxd5 cxd5 29. Qg4 Qe7 30. b4 Qd7 31. Qg6 d4 32. Qd3 Qxa4 33. Qc4+ Kh8 34.
Ra1 Qb5 35. Rec1 Qxc4 36. Rxc4 Rc8 37. Rac1 Rxc4 38. Rxc4 Rb8 39. Be1 Be7 40.
Rc6 Bxb4 41. Bxb4 Rxb4 42. Rxa6 Rb3 43. Kf1 h5 44. h4 Kh7 45. Rd6 Kg8 46. f4
exf4 47. Rxd4 Rb5 48. Kf2 Kh7 49. Kf3 Rf5 50. Rxf4 Rxf4+ 51. Kxf4 1/2-1/2

[Event "Østlandsserien 2021/2022, 3. div. B"]
[Site "Hønefoss, Viken NOR"]
[Date "2021.12.05"]
[Round "2"]
[White "Sandum, Haavard"]
[Black "Olsen, Trygve"]
[Result "0-1"]
[WhiteElo "1534"]
[BlackElo "1498"]
[PlyCount "52"]
[WhiteTeam "Hønefoss 2"]
[BlackTeam "Follo 1"]

1. d4 c5 2. dxc5 Qa5+ 3. Bd2 Qxc5 4. Nc3 e6 5. e4 Nf6 6. Bd3 a6 7. Qe2 Nc6 8.
Be3 Nd4 9. Qd2 e5 10. h3 Qa5 11. Nge2 Bc5 12. O-O Qd8 13. Bg5 h6 14. Be3 d6 15.
Nd1 Nh5 16. c3 Nxe2+ 17. Qxe2 Nf4 18. Bxf4 exf4 19. Kh2 Qh4 20. Rh1 O-O 21. Qf1
h5 22. g3 Qf6 23. Qg2 f3 24. Qf1 h4 25. g4 Qf4+ 26. Kg1 Qg3+ 0-1

[Event "Østlandsserien 2021/2022, 4. div. D"]
[Site "Moss, Viken NOR"]
[Date "2021.12.05"]
[Round "2"]
[White "Johnson, David"]
[Black "Skaar, Ben Samuel Groth"]
[Result "0-1"]
[WhiteElo "1675"]
[BlackElo "1618"]
[Annotator "Lea,Per"]
[PlyCount "58"]
[EventDate "2021.10.31"]
[WhiteTeam "Follo 2"]
[BlackTeam "Fredriksstad 3"]

1. f4 d5 2. Nf3 c5 3. g3 Nf6 4. Bg2 g6 5. O-O Bg7 6. d3 O-O 7. Qe1 d4 8. e4
dxe3 9. Bxe3 Ng4 10. Nc3 Nxe3 11. Qxe3 Bd4 12. Nxd4 cxd4 13. Qd2 dxc3 14. Qxc3
Qd6 15. Rae1 Nd7 16. f5 Nf6 17. fxg6 hxg6 18. Qd2 Kg7 19. Rf4 Be6 20. b3 Rad8
21. Rh4 Rh8 22. Rxh8 Rxh8 23. Kh1 Qxg3 24. Bxb7 Rxh2+ 25. Qxh2 Qxe1+ 26. Qg1
Bd5+ 27. Bxd5 Qxg1+ 28. Kxg1 Nxd5 29. c4 Nf4 30. c5 Kf6 31. b4 Nxd3 32.
a3 Ke6 33. c6 Kd6 34. b5 Nb2 35. Kf2 Na4 {Utydelig notasjon} 0-1

[Event "Østlandsserien 2021/2022, 4. div. D"]
[Site "Moss, Viken NOR"]
[Date "2021.12.05"]
[Round "2"]
[White "Nordtug, Per Øistein"]
[Black "Thowsen, Alf Geir"]
[Result "1-0"]
[WhiteElo "1439"]
[BlackElo "1375"]
[PlyCount "53"]
[EventDate "2021.10.31"]
[WhiteTeam "Fredriksstad 3"]
[BlackTeam "Follo 2"]

1. c4 e5 2. Nc3 Nf6 3. g3 Nc6 4. Bg2 d6 5. e4 Be6 6. d3 g6 7. Nge2 Bg7 8. Nd5
Ne7 9. Nxf6+ Bxf6 10. Bh6 Ng8 11. Be3 Bg5 12. f4 Bf6 13. O-O c6 14. Qd2 Qd7 15.
Rab1 c5 16. b4 b6 17. Nc3 Ne7 18. bxc5 Bh3 19. cxd6 Bxg2 20. Kxg2 h5 21. fxe5
Bxe5 22. dxe7 h4 23. Rh1 Qg4 24. Qe2 Qd7 25. Nd5 Qd6 26. Bf4 Rc8 27. Bxe5 1-0

[Event "Østlandsserien 2021/2022, 4. div. D"]
[Site "Moss, Viken NOR"]
[Date "2021.12.05"]
[Round "2"]
[White "Heien, Aksel"]
[Black "Mordt-Bratteng, Jakob"]
[Result "0-1"]
[WhiteElo "1298"]
[BlackElo "1406"]
[Annotator "Furnes, Torstein"]
[PlyCount "132"]
[EventDate "2021.10.31"]
[WhiteTeam "Follo 2"]
[BlackTeam "Fredriksstad 3"]

1. e4 e5 2. Nf3 Nc6 3. Bc4 Nf6 4. Ng5 d5 5. exd5 Na5 6. Bb5+ Bd7 7. Qe2 Qe7 8.
Bxd7+ Nxd7 9. d3 b6 10. O-O Qd6 11. Qf3 f6 12. Ne6 Nb7 13. b3 Rb8 14. Ba3 c5
15. dxc6 Qxe6 16. cxb7 Bxa3 17. Nxa3 O-O 18. Nb5 a5 19. Nc7 Qd6 20. Na6 Rbd8
21. b8=Q Nxb8 22. Nxb8 Rxb8 23. c4 Rfd8 24. Rad1 Qe6 25. Rfe1 Qd6 26. Qe4 Qb4
27. Re2 Rd4 28. Qe3 Rbd8 29. f3 Qc3 30. Rc1 Qxd3 31. Qxd3 Rxd3 32. Rec2 Rd2 33.
c5 bxc5 34. Rxc5 Rxa2 35. Rc8 Rxc8 36. Rxc8+ Kf7 37. Ra8 Ra3 38. h4 Rxb3 39.
Rxa5 Rb7 40. Ra4 g6 41. Kh2 h6 42. g4 Kg7 43. Ra3 Rf7 44. Kg3 f5 45. gxf5 Rxf5
46. Ra4 g5 47. hxg5 Rxg5+ 48. Kh4 {Dette sluttspillet er teoretisk remis.} Rf5
49. Ra5 Kg6 50. Ra3 Rf4+ 51. Kg3 Kg5 52. Ra8 Rf6 53. Re8 Kf5 54. Rh8 Kg5 55.
Kf2 e4 56. Rg8+ Kh5 57. Rg3 Rf4 58. Ke2 exf3+ 59. Rxf3 Rh4 60. Kf2 Rg4 61. Rg3
Rg5 62. Rxg5+ hxg5 63. Kg3 g4 64. Kh2 Kh4 65. Kh1 $19 {Men nå vinner svart.} ({
Hvit holder remis med} 65. Kg2 $11) 65... Kh3 66. Kg1 Kg3 0-1

[Event "Østlandsserien 2021/2022, 3. div. B"]
[Site "Ås, Viken NOR"]
[Date "2022.03.20"]
[Round "3"]
[White "Koskela, Niina"]
[Black "Lange, David"]
[Result "1-0"]
[WhiteElo "2192"]
[BlackElo "1981"]
[PlyCount "107"]
[EventDate "2021.10.31"]
[WhiteTeam "OSS 4"]
[BlackTeam "Follo 1"]

1. e4 c5 2. Nf3 d6 3. d4 cxd4 4. Nxd4 Nf6 5. Nc3 a6 6. Be2 e6 7. O-O Be7 8. a4
O-O 9. Be3 Nc6 10. f4 Bd7 11. Kh1 Rc8 12. Bd3 Qc7 13. Qe1 Nxd4 14. Bxd4 e5 15.
Be3 Bc6 16. a5 Rfe8 17. Bb6 Qd7 18. Rd1 Bd8 19. fxe5 Rxe5 20. Bd4 Rg5 21. Rd2
Ng4 22. h3 Ne5 23. Be2 Bxa5 24. Bxe5 Rxe5 25. Bg4 Re6 26. Rd4 Qe7 27. Bxe6 fxe6
28. Qg3 Rd8 29. b4 e5 30. Rc4 Bb5 31. Nxb5 axb5 32. Rc3 Bxb4 33. Rb3 Bc5 34.
Rxb5 b6 35. Rbb1 Rf8 36. Rf3 h6 37. Rbf1 Rxf3 38. Qxf3 Bd4 39. Qf5 Bc5 40. Kh2
Be3 41. Ra1 Qf8 42. Qxf8+ Kxf8 43. Ra7 Kg8 44. h4 h5 45. g4 hxg4 46. Kg3 Kh7
47. Kxg4 Kg6 48. Ra8 Kf6 49. Rf8+ Ke7 50. Rf3 Bd4 51. c4 Bb2 52. Kg5 Bc1+ 53.
Kg6 Bh6 54. Rb3 1-0

[Event "Østlandsserien 2021/2022, 3. div. B"]
[Site "Ås, Viken NOR"]
[Date "2022.03.20"]
[Round "3"]
[White "Furnes, Torstein"]
[Black "Hansen, Erle Andrea Marki"]
[Result "0-1"]
[WhiteElo "1758"]
[BlackElo "1845"]
[Annotator "Furnes, Torstein"]
[PlyCount "76"]
[EventDate "2021.10.31"]
[WhiteTeam "Follo 1"]
[BlackTeam "OSS 4"]

1. d4 Nf6 2. c4 g6 3. Nc3 Bg7 4. e4 O-O 5. Nf3 d6 6. Be2 Bg4 7. O-O Nfd7 8. h3
Bxf3 9. Bxf3 Nc6 10. Be3 e5 11. d5 Nd4 12. Bxd4 exd4 13. Nb5 a6 14. Nxd4 Qf6
15. Nb3 Qxb2 16. Qc1 Ne5 17. Bd1 ({Stockfish foretrekker} 17. Qxb2 Nxf3+ 18.
gxf3 Bxb2 19. Rab1 $11 {selv om hvit får svekket bondestruktur med
dobbeltbonde og isolert bonde.}) 17... Nd3 18. Qxb2 Nxb2 19. Rc1 Nd3 20. Rb1
Rfb8 21. Be2 Nf4 22. Bd1 Nd3 23. Be2 Nf4 24. Bd1 Re8 25. Re1 b5 26. cxb5 axb5
27. Nc1 Bc3 28. Re3 Bd2 29. Reb3 Rxe4 30. Nd3 Nxd5 ({Stockfish vil heller
spille} 30... Nxd3 31. Rxd3 Re1+ 32. Kh2 Rxa2 $19) 31. Rxb5 Nc3 32. Rb8+ Re8
33. Rxe8+ Rxe8 34. Rb2 Bh6 35. Bb3 Bg7 36. Rc2 c5 37. g4 Bd4 38. Kg2 d5 {Her
tapte jeg på tid mens jeg forsøkte å finne et forsvar mot trusselen c4.} ({
Stockfish vurderer stillingen som helt lik (0.00) etter} 38... d5 39. Nxc5 $1
Nxa2 40. Bxa2 Rc8 41. Bxd5 Rxc5 42. Rxc5 Bxc5) 0-1

[Event "Østlandsserien 2021/2022, 3. div. B"]
[Site "Ås, Viken NOR"]
[Date "2022.03.20"]
[Round "3"]
[White "Johnsen, Sylvia"]
[Black "Johansen, Anders Sten"]
[Result "1-0"]
[WhiteElo "1908"]
[BlackElo "1731"]
[Annotator "Furnes, Torstein"]
[PlyCount "127"]
[EventDate "2021.10.31"]
[WhiteTeam "OSS 4"]
[BlackTeam "Follo 1"]

1. c4 e5 2. Nc3 Nf6 3. g3 Nc6 4. Bg2 g6 5. d3 Bg7 6. e3 O-O 7. Nge2 Re8 8. O-O
d6 9. a3 a5 10. Rb1 Be6 11. b4 axb4 12. axb4 Qd7 13. Re1 d5 14. c5 Bh3 15. Bh1
Rad8 16. b5 Ne7 17. Qb3 Be6 18. d4 e4 19. Bd2 Bg4 20. Bg2 Bh3 21. Ra1 Bxg2 22.
Kxg2 g5 23. Ra7 Rb8 24. Rea1 Qg4 25. Ng1 h5 26. Be1 h4 27. h3 Qf5 28. g4 Qe6
29. Qc2 Nd7 30. f3 exf3+ 31. Nxf3 Bh6 32. e4 Nf6 33. Ne5 dxe4 34. Nxe4 Nxe4 35.
Qxe4 f6 36. Rxb7 Rxb7 37. Qxb7 fxe5 38. Qxc7 exd4 39. b6 Qe4+ 40. Kg1 Nd5 41.
Qc6 Bg7 42. Bf2 $19 {De siste 9 trekkene har Stockfish-evalueringen vist stor
fordel til svart. Men nå forsvinner svartfordelen.} Nf4 $18 ({Stockfish viser
svartfordel på -70 etter} 42... Rf8) 43. Qxe4 Rxe4 44. Ra8+ $11 ({Eneste
vinsttrekk er} 44. c6 $18) 44... Kh7 45. b7 Be5 46. Re8 Nxh3+ 47. Kf1 Rf4 48.
Rxe5 Rxf2+ 49. Ke1 Rb2 50. c6 $11 ({Eneste vinsttrekk er} 50. Re7+ $18) 50...
d3 $18 ({Stockfish påviser at svart holder remis med} 50... Nf4 $3 51. c7 h3
52. c8=Q Nd3+ 53. Kd1 (53. Kf1 Rf2+ 54. Kg1 Rg2+ 55. Kf1 (55. Kh1 Nf2#) 55...
Rf2+) 53... Nf2+ 54. Kc1 Nd3+ 55. Kd1 Nf2+) 51. Rd5 Nf4 52. Rd7+ Kg6 53. Rd6+
Kf7 54. c7 Ng2+ 55. Kd1 Ne3+ 56. Kc1 Rc2+ 57. Kb1 Nc4 58. Rd7+ Kg6 59. Rxd3
Rb2+ 60. Ka1 Rxb7 61. c8=Q Ra7+ 62. Kb1 Na3+ 63. Kc1 Nb5 64. Qf5+ 1-0

[Event "Østlandsserien 2021/2022, 3. div. B"]
[Site "Ås, Viken NOR"]
[Date "2022.03.20"]
[Round "3"]
[White "Lange, Holger"]
[Black "Tangelder, Yonne"]
[Result "1-0"]
[WhiteElo "1713"]
[BlackElo "1823"]
[PlyCount "85"]
[EventDate "2021.10.31"]
[WhiteTeam "Follo 1"]
[BlackTeam "OSS 4"]

1. e4 c5 2. Nf3 d6 3. d4 cxd4 4. Nxd4 Nf6 5. Nc3 g6 6. Be2 Bg7 7. Be3 O-O 8.
O-O Nc6 9. f3 d5 10. exd5 Nxd5 11. Nxc6 bxc6 12. Nxd5 cxd5 13. c3 e5 14. Bc5
Re8 15. Qd2 Bb7 16. Bb5 Qc7 17. Qf2 Re6 18. Rfd1 Qa5 19. a4 Rd8 20. b4 Qc7 21.
a5 Ba6 22. Ba4 Bc4 23. Bxa7 d4 24. Bb6 Rxb6 25. axb6 Qxb6 26. Kh1 f5 27. Bc2
Qc7 28. cxd4 exd4 29. Bd3 Bb3 30. Rdc1 Qf4 31. Rab1 Bd5 32. Bc4 Be5 33. Bxd5+
Rxd5 34. g3 Qh6 35. Qa2 Bxg3 36. Qxd5+ Kf8 37. Rc8+ Ke7 38. Rc2 Qh4 39. Re2+
Kf8 40. Rd1 Bf2 41. Qd6+ Kg7 42. Qe7+ Kh6 43. Qxh4+ 1-0

[Event "Østlandsserien 2021/2022, 4. div. D"]
[Site "Ås, Viken NOR"]
[Date "2022.03.20"]
[Round "3"]
[White "Holter, Dag Wernø"]
[Black "Moberg, Jan Rune"]
[Result "1/2-1/2"]
[WhiteElo "1422"]
[BlackElo "1630"]
[PlyCount "61"]
[EventDate "2021.10.31"]
[WhiteTeam "OSS 5"]
[BlackTeam "Follo 2"]

1. e4 d6 2. d3 e5 3. Nf3 c6 4. c4 Be7 5. Nc3 Nf6 6. Be3 Nbd7 7. Be2 h6 8. O-O
Qc7 9. Nh4 Nf8 10. a3 Ne6 11. Nf5 Bf8 12. b4 g6 13. Ng3 Nf4 14. d4 Nxe2+ 15.
Ngxe2 g5 16. d5 Bg4 17. f3 Bh5 18. Ng3 Bg6 19. b5 c5 20. a4 Be7 21. a5 Qd7 22.
Na4 O-O 23. b6 a6 24. Nc3 Ne8 25. Nf5 Bxf5 26. exf5 Qxf5 27. g4 Qg6 28. Ne2 Ng7
29. Ng3 f5 30. Qd3 e4 31. fxe4 {Begge har skrevet at svart spilte 31...Sf5 her.
Har begge glemt et trekk tidligere?} 1/2-1/2

[Event "Østlandsserien 2021/2022, 4. div. D"]
[Site "Ås, Viken NOR"]
[Date "2022.03.20"]
[Round "3"]
[White "Brenden, Torbjørn"]
[Black "Dørum, Thomas"]
[Result "1/2-1/2"]
[WhiteElo "1587"]
[BlackElo "1483"]
[PlyCount "79"]
[EventDate "2021.10.31"]
[WhiteTeam "Follo 2"]
[BlackTeam "OSS 5"]

1. e4 c5 2. Nf3 e6 3. d4 cxd4 4. Nxd4 Nc6 5. Be2 Nf6 6. Nxc6 bxc6 7. e5 Qa5+ 8.
Bd2 Qxe5 9. Bc3 Qd5 10. O-O Qxd1 11. Rxd1 d5 12. Be5 Be7 13. Nd2 O-O 14. g4 Nd7
15. Bc7 a5 16. Bg3 Ba6 17. Bf3 Bf6 18. Rab1 Ne5 19. Bxe5 Bxe5 20. Nb3 a4 21.
Nc5 Bd6 22. Nxa4 Rfb8 23. b3 Bb5 24. Nc3 Be5 25. Nxb5 cxb5 26. c4 bxc4 27. bxc4
Rxb1 28. Rxb1 Rxa2 29. cxd5 exd5 30. Bxd5 Rb2 31. Re1 Bd6 32. Re8+ Bf8 33. Rd8
Re2 34. Rd7 Re7 35. Rd8 g6 36. Kg2 Kg7 37. g5 Re2 38. Rd7 Re7 39. Rd8 Re2 40.
Rd7 1/2-1/2

[Event "Østlandsserien 2021/2022, 4. div. D"]
[Site "Ås, Viken NOR"]
[Date "2022.03.20"]
[Round "3"]
[White "Graff, Joachim S"]
[Black "Thowsen, Alf Geir"]
[Result "0-1"]
[WhiteElo "1140"]
[BlackElo "1366"]
[PlyCount "70"]
[EventDate "2021.10.31"]
[WhiteTeam "OSS 5"]
[BlackTeam "Follo 2"]

1. d4 Nf6 2. c4 g6 3. Nc3 Bg7 4. e4 d6 5. Nf3 O-O 6. Be2 Re8 7. O-O Nfd7 8. Qc2
Nc6 9. Be3 e5 10. Rfd1 exd4 11. Nxd4 Nf6 12. h3 Bd7 13. Bf3 Ne5 14. Nd5 Nxd5
15. cxd5 Nxf3+ 16. Nxf3 Rc8 17. Rab1 f5 18. Bg5 Bf6 19. Bxf6 Qxf6 20. Qc3 Qxc3
21. bxc3 fxe4 22. Nd4 Rb8 23. Re1 c5 24. Nb5 Bxb5 25. Rxb5 b6 26. Rb2 Rb7 27.
Rbe2 Rbe7 28. a4 c4 29. Re3 Kf7 30. f3 exf3 31. Rxe7+ Rxe7 32. Rxe7+ Kxe7 33.
gxf3 Kf6 34. Kf2 Ke5 35. Ke3 g5 0-1

[Event "Østlandsserien 2021/2022, 5. div. B"]
[Site "Ås, Viken NOR"]
[Date "2022.03.20"]
[Round "3"]
[White "Isachsen, Halvor"]
[Black "Aarsheim, Geir Arne"]
[Result "1-0"]
[WhiteElo "1421"]
[BlackElo "1530"]
[PlyCount "129"]
[EventDate "2021.10.31"]
[WhiteTeam "Asker 3"]
[BlackTeam "Follo 3"]

1. e4 d5 2. exd5 Nf6 3. d4 Nxd5 4. Nf3 Bg4 5. Be2 e6 6. c3 Be7 7. O-O O-O 8.
Re1 Nd7 9. Nbd2 h6 10. Nf1 c5 11. Ne3 Nxe3 12. Bxe3 cxd4 13. Bxd4 Qc7 14. Rc1
Rfd8 15. Qa4 Bf5 16. Bb5 Nb6 17. Qb3 a6 18. Bf1 Bc5 19. g3 Nd7 20. Bg2 Rab8 21.
Qc4 b5 22. Qe2 Bxd4 23. Nxd4 Bg6 24. Nc6 Nf6 25. Nxb8 Rxb8 26. Qe5 Qb6 27. Red1
Rd8 28. Bf3 Bf5 29. Rxd8+ Qxd8 30. Rd1 Qb6 31. Qd4 Qxd4 32. Rxd4 Bb1 33. a4 Ba2
34. Bb7 Nd5 35. Bxa6 bxa4 36. Rxa4 Bb3 37. Ra3 Bc2 38. b4 Kf8 39. b5 Ke7 40. c4
Nb4 41. Bb7 Kd6 42. Rc3 Ke5 43. Bg2 Kd4 44. Rf3 f5 45. Bf1 g5 46. Ra3 Be4 47.
Ra7 Kc5 48. Rh7 Nc2 49. Be2 Nd4 50. Kf1 g4 51. Rxh6 Bc2 52. Rh8 Be4 53. Rc8+
Kb6 54. c5+ Kb7 55. Rd8 Nb3 56. c6+ Kb6 57. Bc4 Nc5 58. Re8 Bc2 59. Re7 Be4 60.
Ke2 Bf3+ 61. Ke3 Bg2 62. Kd4 Bf3 63. Bxe6 Kxb5 64. c7 Nxe6+ 65. Rxe6 1-0

[Event "Østlandsserien 2021/2022, 5. div. B"]
[Site "Ås, Viken NOR"]
[Date "2022.03.20"]
[Round "3"]
[White "Brauti, Lars"]
[Black "Skillestad, Sverre"]
[Result "1-0"]
[WhiteElo "1294"]
[BlackElo "1258"]
[PlyCount "31"]
[EventDate "2021.10.31"]
[WhiteTeam "Asker 3"]
[BlackTeam "Follo 3"]

1. e4 c5 2. c3 d6 3. d4 cxd4 4. cxd4 Nf6 5. Nc3 Nc6 6. h3 e6 7. Nf3 d5 8. e5
Nd7 9. a3 Be7 10. Bd3 Nb6 11. O-O f6 12. Bf4 fxe5 13. Nxe5 O-O 14. Qh5 Nxe5 15.
Bxh7+ Kh8 16. Bg6+ 1-0

[Event "Østlandsserien 2021/2022, 3. div. B"]
[Site "Oslo NOR"]
[Date "2022.02.06"]
[Round "4"]
[White "Furnes, Torstein"]
[Black "Furnes, Harald"]
[Result "1/2-1/2"]
[WhiteElo "1757"]
[BlackElo "1794"]
[Annotator "Furnes, Torstein"]
[PlyCount "66"]
[EventDate "2021.10.31"]
[WhiteTeam "Follo 1"]
[BlackTeam "SK 1911 3"]

{Dette er fjerde gangen vi møtes i et ratet langsjakkparti. De tre tidligere
oppgjørene fant sted i klubbturneringer i Ås sjakklubb i perioden 1992-1995.} 
1. d4 d5 2. c4 e6 3. Nc3 Nf6 4. Bg5 Be7 5. e3 c6 6. Nf3 Nbd7 7. Rc1 O-O 8. Bd3
dxc4 9. Bxc4 Nd5 10. Bxe7 Qxe7 11. O-O f5 ({Hovedvarianten er} 11... Nxc3 12.
Rxc3 e5 13. dxe5 Nxe5 14. Nxe5 Qxe5 15. f4) 12. Re1 Kh8 13. e4 Nxc3 14. bxc3 f4
15. e5 Rf7 16. Nd2 ({Stockfish 14 vil spille} 16. Bxe6 $1 Qxe6 17. Ng5 {og i
denne stillingen er faktisk førstevalget til Stockfish å gi dronningen (!) :}
Nb6 ({Andrevalget til datamaskinen er} 17... Qxa2 18. Ra1 Qd5 19. Qd3 Nf8 20.
c4 Qd7 21. e6 {og Stockfish mener at svart må gi dronningen:} Qxe6 22. Rxe6
Bxe6 23. Nxf7+ Bxf7) (17... Qe8 18. Nxf7+ Qxf7 19. e6 Qg6 20. exd7 Bxd7) 18.
Nxe6 Bxe6) 16... b5 17. Bd3 g5 18. Ne4 Rg7 19. Qg4 a6 20. Nd6 Nf8 21. Be4 Bd7
22. Qf3 Ng6 23. Bxc6 ({Stockfish vil heller spille} 23. Bxg6 Rxg6 24. Ne4 {med
planen å plassere springeren på f6.}) 23... g4 24. Qe4 Rf8 25. Bb7 $6 {Ifølge
Stockfish en feil som gjør at hvit mister nesten hele fordelen.} ({Stockfish
foretrekker} 25. Bxd7 Qxd7 26. c4) 25... Qh4 (25... Nh4 {fulgt av Dg5 er
hovedplanen til Stockfish.}) 26. f3 (26. Bxa6 $4 {ville her vært en avgjørende
feil, siden svart da får avgjørende angrep etter} f3) 26... Qg5 27. fxg4 Qxg4
28. Qf3 (28. Rf1 {er bedre.}) 28... Qg5 29. Ne4 Qf5 30. Nd6 Qg5 31. Ne4 Qf5 32.
Nd6 Qg5 33. Ne4 Qf5 1/2-1/2

[Event "Østlandsserien 2021/2022, 3. div. B"]
[Site "Oslo NOR"]
[Date "2022.02.06"]
[Round "4"]
[White "Simonsen, Steinar"]
[Black "Evanger, Trond"]
[Result "0-1"]
[WhiteElo "1501"]
[BlackElo "1631"]
[PlyCount "74"]
[EventDate "2021.10.31"]
[WhiteTeam "Follo 1"]
[BlackTeam "SK 1911 3"]

1. e4 c5 2. Nf3 d6 3. Nc3 Nf6 4. d4 cxd4 5. Nxd4 a6 6. Bd3 e5 7. Nf3 Be7 8. O-O
O-O 9. Bd2 b5 10. Re1 Bb7 11. a4 b4 12. Ne2 a5 13. Ng3 Re8 14. Nf5 Bf8 15. Bb5
Bc6 16. Bxc6 Nxc6 17. Bg5 h6 18. Bh4 g6 19. Bxf6 Qxf6 20. Ne3 Qe6 21. Nd5 Rac8
22. Qd3 Ne7 23. c4 Nxd5 24. cxd5 Qd7 25. Rac1 Rxc1 26. Rxc1 Rc8 27. Ra1 Rc5 28.
h3 Qc7 29. Kh2 Rc2 30. Qe3 Rxb2 31. Rc1 Rc2 32. Rxc2 Qxc2 33. Nh4 b3 34. Qf3
Kg7 35. Nf5+ gxf5 36. exf5 b2 37. f6+ Kh8 0-1

[Event "Østlandsserien 2021/2022, 3. div. B"]
[Site "Oslo NOR"]
[Date "2022.02.06"]
[Round "4"]
[White "Hellerud, Aksel Nissen"]
[Black "Samset, Jon"]
[Result "1/2-1/2"]
[WhiteElo "1373"]
[BlackElo "1370"]
[PlyCount "53"]
[WhiteTeam "SK 1911 3"]
[BlackTeam "Follo 1"]

1. e4 g6 2. d4 Bg7 3. Nf3 Nf6 4. Nc3 O-O 5. Bc4 e6 6. Bg5 Qe8 7. Qd2 d6 8. O-O
Nc6 9. Bh6 Bd7 10. Bxg7 Kxg7 11. h3 h6 12. e5 Ng8 13. Rad1 d5 14. Bb5 Nxe5 15.
Nxe5 Bxb5 16. Nxb5 Qxb5 17. c3 f6 18. Nf3 Ne7 19. Rfe1 Qd7 20. Qe3 Rae8 21.
Qxe6 Qxe6 22. Rxe6 Nf5 23. Rde1 Rxe6 24. Rxe6 Nd6 25. Re7+ Rf7 26. Rxf7+ Kxf7
27. Nd2 1/2-1/2

[Event "Østlandsserien 2021/2022, 4. div. D"]
[Site "Nes, Viken NOR"]
[Date "2022.02.06"]
[Round "4"]
[White "Thowsen, Alf Geir"]
[Black "Andresen, Marcus Thøger"]
[Result "0-1"]
[WhiteElo "1372"]
[BlackElo "1540"]
[PlyCount "132"]
[EventDate "2021.10.31"]
[WhiteTeam "Follo 2"]
[BlackTeam "Nes"]

1. d4 Nf6 2. c4 e6 3. Nc3 d5 4. e3 c6 5. Nf3 Bd6 6. Bd3 dxc4 7. Bxc4 b5 8. Bd3
a6 9. a3 c5 10. Ne4 cxd4 11. Nxd6+ Qxd6 12. exd4 Bb7 13. O-O O-O 14. h3 Nbd7
15. Re1 Rac8 16. Ne5 Nxe5 17. dxe5 Qc6 18. f3 Nd5 19. Bd2 Rfd8 20. Qe2 Qc5+ 21.
Kh2 Qd4 22. Qe4 Qxe4 23. Bxe4 Rc4 24. Bg5 Rdc8 25. Bd3 R4c7 26. Rad1 h6 27. Bh4
Nf4 28. Be4 Bxe4 29. Rd8+ Kh7 30. Rxc8 Rxc8 31. Rxe4 g5 32. Bg3 Nd5 33. f4 gxf4
34. Bxf4 Rc2 35. b4 Rc3 36. Bd2 Rxa3 37. Rh4 Ra4 38. Rxh6+ Kg7 39. Rh4 a5 40.
Rg4+ Kf8 41. bxa5 Rxg4 42. hxg4 b4 43. a6 b3 44. Bc1 Ke8 45. Bb2 Kd7 46. Kg3
Kc6 47. a7 Kb7 48. Bd4 Nb6 49. a8=Q+ Kxa8 50. Kf3 Nc4 51. Kf4 b2 52. Bxb2 Nxb2
53. g5 Kb7 54. g4 Kc6 55. g6 fxg6 56. Kg5 Nd3 57. Kxg6 Nxe5+ 58. Kf6 Kd6 59. g5
Ng4+ 60. Kg6 Ke5 61. Kh5 Kf4 62. g6 e5 63. Kh4 e4 64. Kh3 e3 65. Kg2 e2 66. g7
e1=Q 0-1

[Event "Østlandsserien 2021/2022, 4. div. D"]
[Site "Nes, Viken NOR"]
[Date "2022.02.06"]
[Round "4"]
[White "Brokke, Dag Erland"]
[Black "Heien, Aksel"]
[Result "1-0"]
[WhiteElo "1574"]
[BlackElo "1306"]
[PlyCount "42"]
[EventDate "2021.10.31"]
[WhiteTeam "Nes"]
[BlackTeam "Follo 2"]

1. f4 Nf6 2. Nc3 g6 3. e4 d6 4. d4 Bg7 5. Nf3 O-O 6. Be2 Bg4 7. Be3 Nbd7 8. O-O
e5 9. dxe5 dxe5 10. f5 Qe7 11. Qe1 Nc5 12. Qh4 Bxf3 13. Rxf3 Ncd7 14. Rh3 gxf5
15. exf5 Rfe8 16. Kh1 Kh8 17. Bg5 c6 18. a3 Nf8 19. Ne4 Kg8 20. Nxf6+ Kh8 21.
Nxh7 Qc7 1-0